000 00680 a2200217 4500
020 _a0824777433
020 _a9780824777432
082 0 4 _a658.562
090 _c775
_d775
100 1 _aHarrington.
245 1 0 _aPoor-quality cost /
_cHarrington.
250 _a1st ed.
260 _a[S.l.] :
_bCRC Press,
_c1987.
300 _a224 p. ;
_c23 cm.
490 1 _aQuality and reliability.
500 _aHardcover.
830 0 _aQuality and reliability.
856 4 0 _3Amazon.com
_uhttp://www.amazon.com/exec/obidos/ASIN/0824777433/chopaconline-20
856 4 0 _3Amazon customer reviews
_uhttp://www.chopac.org/cgi-bin/tools/azrev.pl?q=0824777433
942 _aNBS
_cBK
_k658.562 HAR
999 _c343323
_d343323